Repertorio progresivo para flauta dulce soprano: nivel básico, 1

Saved in:
Bibliografiske detaljer
Main Authors: Seeger, Gertrud (Author), Acevedo, José (Author)
Format: Bog
Sprog:spansk
Udgivet: Santiago s.n 1991
Udgivelse:2a. ed
Fag:
Tags: Tilføj Tag
Ingen Tags, Vær først til at tagge denne postø!

MARC

LEADER 00000nam a2200000 a 4500
001 UCX7293
003 CL-VaPUC
005 20220106123655.0
008 931204e19910000CL |||||||||||||||||spa|d
999 |c 227149  |d 227147 
040 |c Pontificia Universidad Católica de Valparaíso 
082 0 4 |a Fd788.364193 SEE 1991  |2 21 
100 0 |a Seeger, Gertrud  |e author  |9 324108 
245 1 0 |a Repertorio progresivo para flauta dulce soprano: nivel básico, 1 
250 |a 2a. ed 
260 |a Santiago  |b s.n  |c 1991 
300 |a 43 p 
583 |a last modification  |c 20120711 10:32:27  |k Rodrigo Vera 
650 7 |a FLAUTA DULCE SOPRANO - REPERTORIO PROGRESIVO  |2 CL-VaPUC  |9 324110 
650 7 |a FLAUTA DULCE SOPRANO - PEDAGOGIA INSTRUMENTAL  |2 CL-VaPUC  |9 324111 
650 7 |a FLAUTA DULCE SOPRANO - EJERCICIO E INSTRUCCION  |2 CL-VaPUC  |9 324112 
650 7 |a FLAUTA DULCE SOPRANO - INTERPRETACION  |2 CL-VaPUC  |9 324113 
700 0 |a Acevedo, José  |e author  |9 324109 
942 |c BK  |2 ddc 
945 |d 19931204 00:00:00  |a mfernand 
952 |0 0  |1 0  |4 0  |6 FD_788_364193000000000_SEE_1991  |7 0  |8 F  |9 225962  |a BIBEDU  |b BIBEDU  |d 2019-11-15  |i 2944553  |o Fd788.364193 SEE 1991  |p 2944553  |r 2023-11-22  |w 2019-11-15  |y BK_F  |k MUS 
952 |0 0  |1 0  |4 0  |6 FD_788_364193000000000_SEE_1991  |7 0  |8 F  |9 225963  |a BIBEDU  |b BIBEDU  |d 2019-11-15  |i 2944561  |o Fd788.364193 SEE 1991  |p 2944561  |r 2023-11-22  |w 2019-11-15  |y BK_F  |k MUS